000 00507nam a2200217Ia 4500
003 OSt
005 20220928143740.0
006 a|||||r|||| 00| 0
007 ta
008 220927b |||||||| |||| 00| 0 eng d
024 _a23094
037 _cTextual
040 _aSDCL
_cSDCL
_beng
041 _2eng
_aeng
082 _aO15,1D40,7, L2
100 _aKalidas
245 0 _aRaghuvasama.
260 _c1972
942 _hO15,1D40,7, L2
_cTEXL
_2CC
999 _c825040
_d825040